000 00534nam a2200205Ia 4500
008 230125s9999 xx 000 0 und d
020 _a81-314-0032-8
041 _aeng
082 _a658
_bICF
100 _aICFAI
245 _aManagerial Effectiveness : Managing the Self and Others
250 _a1st Ed.
260 _c2005
_bICFAI publication
_aHyderabad
300 _a214p
440 _aICFAI
500 _aMangerial Effectiveness;ICFAI Series Book
650 _aManagement
700 _aICFAI
999 _c88140
_d88140